LEADER 01329nam a2200313 a 4500 001 000000133314 003 CaOOAMICUS 005 20130326113236.0 008 130326s1966 it u000 u ita r 040 $aPUL$bita 041 1 $aita$hger 100 1 $aHorkheimer, Max,$d1895-1973.$0(OLS)http://pul/name/14802 240 10$aDialektik der Aufklärung.$lItaliano.$0(OLS)http://pul/title/168464 245 10$aDialettica dell'illuminismo /$cMax Horkheimer e Theodor W. Adorno, con una premessa degli autori all'edizione italiana. 260 $aTorino :$bEinaudi,$c©1966. 300 $aVIII, 279 p. ;$c22 cm 490 1 $aBiblioteca di cultura filosofica ;$v27 500 $aInclude indice. 504 $aBibliografia in nota. 650 4$aIlluminismo$xStudi.$0(OLS)http://pul/subject/39460 700 1 $aAdorno, Theodor Wiesengrund,$d1903-1969.$0(OLS)http://pul/name/506 830 0$aBiblioteca di cultura filosofica (Einaudi) ;$v27.$0(OLS)http://pul/title/15525 850 $aPUL 852 $aPUL$W1$xDP1 Fondo E. Rossi$y115$m1 H 59$j42905$qFondi$B152764$CPULBib$Z2$F152764 $82 941 1 $a1 961 $aSul dorso collocazione ms. di E. Rossi: H 25 996 $6245$aDialettica dell'illuminismo$9(OLS)http://pul/title/168465 996 $6260$aTorino :$bEinaudi$9(OLS)http://pul/publisher/48130 LEADER 01544nam a2200325 u 4500 001 000000078782 003 CaOOAMICUS 005 20070226123452.0 008 040514s1982 gw u000 u ger u 020 $a3884050338 035 $a10995134 040 $aPUL$bita 100 1 $aEhrenfels, Christian von,$d1859-1932.$0(OLS)http://pul/name/52480 245 10$aWerttheorie /$cChristian von Ehrenfels ; hrsg. von Reinhard Fabian ; mit ein Einleitung von Wolfgang Grassl. 260 $aMünchen :$bPhilosophia Verlag,$cc1982. 300 $aVII, 613 p. ;$c24 cm 490 1 $aPhilosophische Schriften / Christian Von Ehrenfels ;$vBd. 1 490 1 $aPhilosophia resources library 500 $aContiene indici. 504 $aBibliografia in nota. 700 1 $aGrassl Wolfgang.$0(OLS)http://pul/name/52481 700 1 $aFabian, Reinhard.$0(OLS)http://pul/name/50596 800 1 $aEhrenfels, Christian von,$d1859-1932.$tPhilosophische Schriften$9(Ehrenfels, Christian von, 1859-1932) ;$vBd.1.$0(OLS)http://pul/nameTitle/220$0(OLS)http://pul/name/52480$0(OLS)http://pul/title/103149 830 0$aPhilosophia resources library.$0(OLS)http://pul/title/103148 850 $aPUL 852 $aPUL$W1$xSL Filosofia 1$y2$m89 G 45.1$j100971$nBK-PRI$b $qStampati$B100971$CPULBib$Z2$F100971 $HPUL92286 $81 941 1 $a8 996 $6020$a3884050338$9(OLS)http://pul/number/103332 996 $6245$aWerttheorie$9(OLS)http://pul/title/103147 996 $6260$aMünchen :$bPhilosophia Verlag$9(OLS)http://pul/publisher/75499